Statistiques concernant Nourriture qui commence par R

Cliquez ici pour prendre le quiz!

Statistiques générales

  • Ce quiz a été pris 173 fois
  • Le résultat moyen est 6 sur 7

Statistiques - réponses

Réponse% Correct
Raisin
100%
Riz
100%
Radis
98%
Réglisse
94%
Reine
73%
Ratatouille
64%
Ragoût
46%

Distribution des résultats

Percentile par nombre de réponses

% des personnes avec chaque résultat

Votre développement - résultats

Vous n’avez pas pris ce quiz